L'évolution à l'école : Créationnisme contre darwinisme ? (notice n° 1513109)
[ vue normale ]
| 000 -LEADER | |
|---|---|
| fixed length control field | 01472cam a2200133 4500500 |
| 005 - DATE AND TIME OF LATEST TRANSACTION | |
| control field | 20251012002429.0 |
| 041 ## - LANGUAGE CODE | |
| Language code of text/sound track or separate title | fre |
| 042 ## - AUTHENTICATION CODE | |
| Authentication code | dc |
| 100 10 - MAIN ENTRY--PERSONAL NAME | |
| Personal name | Fortin, Corinne |
| Relator term | author |
| 245 00 - TITLE STATEMENT | |
| Title | L'évolution à l'école : Créationnisme contre darwinisme ? |
| 260 ## - PUBLICATION, DISTRIBUTION, ETC. | |
| Name of publisher, distributor, etc. | Armand Colin,<br/> |
| Date of publication, distribution, etc. | 2009.<br/> |
| 520 ## - SUMMARY, ETC. | |
| Summary, etc. | Face à la montée des néo-créationnismes qui cherchent à contester la légitimité de l’enseignement scientifique de l’évolution, l’École est placée dans une situation parfois inconfortable. Enseigner l’évolution, c’est en effet transmettre des connaissances et des méthodes scientifiques, sans les imposer de façon dogmatique. Cet enseignement doit prendre en compte les résistances de certains élèves à la théorie de l’évolution, quelles qu’en soient les raisons, ainsi que l’instrumentalisation de concepts à des fins idéologiques. Cela nécessite de bien différencier approche scientifique de l’évolution et approches culturelle, philosophique ou religieuse du mythe de la Création, dans le respect des croyances des élèves, garanti par la laïcité. Ce livre fait le point sur la situation actuelle de l’enseignement de l’évolution, en fait ressortir les enjeux éducatifs et sociétaux. Il propose des pistes pédagogiques pour répondre aux interrogations des élèves sur l’histoire du vivant. |
| 856 41 - ELECTRONIC LOCATION AND ACCESS | |
| Uniform Resource Identifier | <a href="https://shs.cairn.info/levolution-a-lecole--9782200350703?lang=fr&redirect-ssocas=7080">https://shs.cairn.info/levolution-a-lecole--9782200350703?lang=fr&redirect-ssocas=7080</a> |
Pas d'exemplaire disponible.




Réseaux sociaux